| 000 | 00494nam a2200193Ia 4500 | ||
|---|---|---|---|
| 008 | 240612s9999 xx 000 0 und d | ||
| 020 | _a978-93-81 597-48-4 | ||
| 082 | _a302 | ||
| 082 | _bMAR | ||
| 100 | _aமாற்கு | ||
| 245 | 0 | _aசெயலறம் | |
| 250 | _a1 | ||
| 260 | _aதிண்டுக்கல் | ||
| 260 | _bவைகறை பதிப்பகம் | ||
| 260 | _c2013 | ||
| 300 | _a128 pages | ||
| 650 | _aபுதினம் | ||
| 942 | _cTAMIL | ||
| 999 |
_c507236 _d507236 |
||